Statistics for Boston Celtics 2000's Starters

Click here to take the quiz!

General Stats

  • This quiz has been taken 133 times
    (42 since last reset)
  • The average score is 9 of 26

Answer Stats

Player Starts % Correct
Kevin Garnett2
100%
Paul Pierce10
100%
Tony Allen1
97%
Ray Allen2
97%
Rajon Rondo2
94%
Kendrick Perkins4
85%
Antoine Walker4
74%
Joe Johnson1
47%
Ricky Davis1
44%
Eric Williams1
44%
Tony Battie2
26%
Gary Payton1
18%
Randy Brown1
15%
Raef LaFrentz2
15%
Delonte West2
12%
Kenny Anderson2
12%
Al Jefferson1
9%
Mark Blount3
6%
Vin Baker1
3%
Mike James1
3%
Ryan Gomes1
3%
Vitaly Potapenko1
3%
J.R. Bremer1
0%
Jiri Welsch1
0%
Bryant Stith1
0%
Adrian Griffin1
0%

Score Distribution

Percentile by Number Answered

Percent of People with Each Score

Your Score History

You have not taken this quiz since the last reset